LEADER 02452nam 2200517 450 001 000004915 005 20180209134426.0 010 $a88-204-7725-4 100 $a20010313d1992----km-y0itay0103----ba 101 0 $aita 102 $aIT 200 1 $a<> valutazione dei caratteri del territorio nella pianificazione$emetodi ed applicazioni$fSergio Vacca 210 $aMilano$cFranco Angeli$d1992 215 $a123 p.$d22 cm 225 2 $aEnciclopedia di urbanistica e pianificazione territoriale$v1 410 0$12001$aEnciclopedia di urbanistica e pianificazione territoriale$v1 516 $a<> valutazione dei caratteri del territorio 606 1 $aPianificazione territoriale$xMetodologia 606 2 $aTerreni agrari$xUtilizzazione$xValutazione 676 $a333.7614$v(22. ed.)$9Economia della terra (Economia fondiaria) e dell'energia. Terreni rurali. Valutazioni d'impatto ambientale 676 $a631.47$v(22. ed.)$9Pedologia. Rilevamenti del terreno e suo uso 676 $a711.554$v(22. ed.)$9Urbanistica (Pianificazione territoriale). Aree agricole 700 1$aVacca,$bSergio$0437341 801 0$aIT$bUniversità della Basilicata - B.I.A.$gRICA$2unimarc 912 $a000004915 996 $aValutazione dei caratteri del territorio nella pianificazione$973124 997 $aUNIBAS BAS $aMONAGR BAS $aMONOGR BAS $aAGRARIA CAT $aMEDURI$b01$c20000706$lBAS01$h1212 CAT $c20000920$lBAS01$h1833 CAT $c20001010$lBAS01$h1636 CAT $aTORRE$b20$c20010313$lBAS01$h1820 CAT $aTORRE$b20$c20010314$lBAS01$h0950 CAT $c20050601$lBAS01$h1753 CAT $abatch$b01$c20050718$lBAS01$h1048 CAT $c20050718$lBAS01$h1107 CAT $c20050718$lBAS01$h1137 CAT $c20050718$lBAS01$h1152 CAT $aTTM$b30$c20180209$lBAS01$h1344 FMT Z30 -1$lBAS01$LBAS01$mBOOK$1BASA2$APolo Tecnico-Scientifico$2DID$BDidattica$3PTS.d1.115764$6115764$5T115764$820180209$f04$FPrestabile Didattica Z30 -1$lBAS01$LBAS01$mBOOK$1BASA2$APolo Tecnico-Scientifico$2DID$BDidattica$3PTS.s3.p60.30$9PTS/96427$696427$5T96427$820000706$f04$FPrestabile Didattica Z30 -1$lBAS01$LBAS01$mBOOK$1BASA2$APolo Tecnico-Scientifico$2DID$BDidattica$3PTS.s3.p60.30A$697583$5I97583$820010313$f04$FPrestabile Didattica Z30 -1$lBAS01$LBAS01$mBOOK$1BASA4$APolo di Matera$2DID$BDidattica$3MSR/115765$6115765$5T115765$820180209$f98$FConsultazione LEADER 01921oam 2200541 450 001 9910715237703321 005 20210127110906.0 035 $a(CKB)5470000002509649 035 $a(OCoLC)1090124704$z(OCoLC)966434760$z(OCoLC)1102813323 035 $a(OCoLC)995470000002509649 035 $a(EXLCZ)995470000002509649 100 $a20190318d1988 ua 0 101 0 $aeng 135 $aurbn||||||||| 181 $ctxt$2rdacontent 182 $cc$2rdamedia 183 $acr$2rdacarrier 200 10$aEstimating flood hydrographs and volumes for Alabama streams /$fby D.A. Olin and J.B. Atkins ; prepared in cooperation with the Alabama Highway Department and the U.S. Department of Transportation, Federal Highway Administration 210 1$aTuscaloosa, Alabana :$cU.S. Geological Survey,$d1988. 215 $a1 online resource (v, 25 pages) $cillustrations, map 225 1 $aWater-resources investigations report ;$v88-4041 320 $aIncludes bibliographical references (page 24). 606 $aFlood forecasting$zAlabama 606 $aRoad drainage$zAlabama 606 $aRoads$zAlabama$xDesign and construction 606 $aFlood forecasting$2fast 606 $aRoad drainage$2fast 607 $aAlabama$2fast 615 0$aFlood forecasting 615 0$aRoad drainage 615 0$aRoads$xDesign and construction. 615 7$aFlood forecasting. 615 7$aRoad drainage. 700 $aOlin$b D. A.$01416503 702 $aAtkins$b J. B. 712 02$aGeological Survey (U.S.), 712 02$aAlabama.$bState Highway Department. 712 02$aUnited States.$bFederal Highway Administration. 801 0$bOCLCE 801 1$bOCLCE 801 2$bCOP 801 2$bOCLCF 801 2$bOCLCQ 801 2$bGPO 906 $aBOOK 912 $a9910715237703321 996 $aEstimating flood hydrographs and volumes for Alabama streams$93522078 997 $aUNINA